La división sexual del trabajo (Registro nro. 4011)
[ vista simple ]
| 000 -LEADER | |
|---|---|
| fixed length control field | 01318 a2200301 4500 |
| 001 - CONTROL NUMBER | |
| control field | 45822 |
| 005 - DATE AND TIME OF LATEST TRANSACTION | |
| control field | 20260407155730.0 |
| 008 - FIXED-LENGTH DATA ELEMENTS--GENERAL INFORMATION | |
| fixed length control field | 260407a1997 arg spa d |
| 003 - CONTROL NUMBER IDENTIFIER | |
| control field | AR-UNSa-BCEJYS |
| 040 ## - CATALOGING SOURCE | |
| Original cataloging agency | AR-UNSa-BCEJYS |
| Language of cataloging | spa |
| Transcribing agency | AR-UNSa-BCEJYS |
| 080 ## - UNIVERSAL DECIMAL CLASSIFICATION NUMBER | |
| Universal Decimal Classification number | 331.101.232 |
| Common auxiliary subdivision | División del trabajo según el sexo |
| 020 ## - INTERNATIONAL STANDARD BOOK NUMBER | |
| International Standard Book Number | 987-95170-2-4 |
| 041 ## - LANGUAGE CODE | |
| Language code of text/sound track or separate title | spa |
| 100 1# - MAIN ENTRY--PERSONAL NAME | |
| Personal name | Neffa, Julio César |
| 245 10 - TITLE STATEMENT | |
| Title | La división sexual del trabajo |
| Name of part/section of a work | permanencia y cambio |
| 264 #1 - PRODUCTION, PUBLICATION, DISTRIBUTION, MANUFACTURE, AND COPYRIGHT NOTICE | |
| Place of production, publication, distribution, manufacture | Buenos Aires : |
| Name of producer, publisher, distributor, manufacturer | Asociación, Trabajo y Sociedad |
| Date of production, publication, distribution, manufacture, or copyright notice | 1997 |
| 300 ## - PHYSICAL DESCRIPTION | |
| Extent | 274 p. |
| Dimensions | 20 cm. |
| 505 ## - FORMATTED CONTENTS NOTE | |
| Formatted contents note | Primera Parte: Concepto de trabajo, división sexual del trabajo y relaciones sociales de sexo (o relaciones de género) – Segunda Parte: Género, clases y movimientos sociales – Tercera Parte: Tecnologías, calificación y división sexual del trabajo – Cuarta Parte: Confrontaciones interdisciplinarias sobre la división sexual del trabajo - |
| 590 ## - LOCAL NOTE (RLIN) | |
| Local note | niveau_biblio:m niveau_hierar:0 |
| 700 1# - ADDED ENTRY--PERSONAL NAME | |
| Personal name | Kergoat, Danièle |
| 700 1# - ADDED ENTRY--PERSONAL NAME | |
| Personal name | Hirata, Helena |
| 700 1# - ADDED ENTRY--PERSONAL NAME | |
| Personal name | Habicht, Noemí |
| 700 1# - ADDED ENTRY--PERSONAL NAME | |
| Personal name | Zylberberg-Hocquard, Marie-Hélène |
| 700 1# - ADDED ENTRY--PERSONAL NAME | |
| Personal name | Rozas, Alicia |
| 700 1# - ADDED ENTRY--PERSONAL NAME | |
| Personal name | Torrecillas, Graciela |
| 856 41 - ELECTRONIC LOCATION AND ACCESS | |
| Uniform Resource Identifier | <a href="https://www.biblioeco.unsa.edu.ar/pmb/images/libros/L127193.jpg">https://www.biblioeco.unsa.edu.ar/pmb/images/libros/L127193.jpg</a> |
| Link text | Imagen de portada |
| Electronic format type | image/jpeg |
| 942 ## - ADDED ENTRY ELEMENTS (KOHA) | |
| Koha item type | |
| Withdrawn status | Lost status | Damaged status | Not for loan | Home library | Current library | Shelving location | Date acquired | Total checkouts | Full call number | Barcode | Date last seen | Price effective from | Koha item type |
|---|---|---|---|---|---|---|---|---|---|---|---|---|---|
| Biblioteca Prof. Eusebio Cleto del Rey | Biblioteca Prof. Eusebio Cleto del Rey | 07/04/2026 | 331.1 H668 | L127193 | 07/04/2026 | 07/04/2026 | Libro |